Statistics for Five Most Spoken Languages by Country

Click here to take the quiz!

General Stats

  • This quiz has been taken 966 times
  • The average score is 14 of 21

Answer Stats

Language% Correct
English
100%
Spanish
100%
French
98%
German
96%
Italian
91%
Hindi
90%
Dutch
88%
Portuguese
83%
Chinese
80%
Afrikaans
77%
Catalan
67%
Bengali
60%
Zulu
58%
Tamil
54%
Basque
47%
Xhosa
46%
Tagalog
40%
Marathi
31%
Telugu
30%
Sepedi
22%
Aragonese
12%

Score Distribution

Percentile by Number Answered

Percent of People with Each Score

Your Score History

You have not taken this quiz